000 00532nam a2200169Ia 4500
003 GCL
008 140319s9999 xx 000 0 ara d
040 _aGCL /
_cGCL
082 0 4 _a219.1
_bم ح
100 1 _aمحمد رأفت عثمان
245 1 0 _aالحقوق الزوجية المشتركة فى الفقة الاسلامى /
_cمحمد رأفت عثمان
490 _a
650 0 4 _aالشريعة الاسلامية
650 0 4 _aالفقه الاسلامى
650 0 4 _aالحقوق الزوجية
942 _2ddc
_cBK
999 _c42864
_d42864